Valentín Letelier: estudios sobre política, gobierno y administración pública

Tallennettuna:
Bibliografiset tiedot
Päätekijät: Araya Moreno, Eduardo (Tekijä), Barría Traverso, Diego (Tekijä)
Aineistotyyppi: Kirja
Kieli:espanja
Julkaistu: Santiago Universitaria 2011
Painos:1a. ed
Sarja:Imagen de Chile
Aiheet:
Tagit: Lisää tagi
Ei tageja, Lisää ensimmäinen tagi!

MARC

LEADER 00000cam a2200000 a 4500
001 UCE1887
003 CL-VaPUC
005 20210412150522.0
008 140526e20110000cl |||||||||||||||||spa|d
999 |c 355571  |d 355569 
020 |a 9789561123489 
040 |c Pontificia Universidad Católica de Valparaíso 
082 0 4 |a 923.283  |b ARA  |2 21 
100 0 |a Araya Moreno, Eduardo  |e author  |9 574303 
245 1 0 |a Valentín Letelier: estudios sobre política, gobierno y administración pública 
250 |a 1a. ed 
260 |a Santiago  |b Universitaria  |c 2011 
300 |a 304 p 
490 0 |a Imagen de Chile 
583 |a last modification  |c 20140526 07:41:00  |k Rodrigo Vera 
600 |a Letelier Madariaga, Valentín   |d 1852-1919  |9 860619 
650 0 |a Biografías  |9 255210 
650 7 |a POLITICOS CHILENOS  |2 CL-VaPUC  |9 574306 
700 0 |a Barría Traverso, Diego  |e author  |9 574304 
942 |c BK  |2 ddc 
945 |d 20140526 07:41:00  |a dcastane 
952 |0 0  |1 0  |3 erb  |4 0  |6 923_283000000000000_ARA_2011  |7 0  |8 A  |9 462335  |a BIBHIS  |b BIBHIS  |i 5075386  |o 923.283 ARA 2011  |p 5075386  |r 2025-01-20  |w 2019-11-23  |y BK  |z Catalogado en:20140526  |k HIS